000 01382nam0a22003251 4500
001 rc\4604121
005 20130416194004.1
021 _aRU
_bРг316-68
021 _aRU
_b67-92076
035 _a(NLR Aleph) 008390489
090 _a9174225
_c9174225
100 _a20130416d1967 |||y0rusy50 ca
101 0 _arus
102 _aRU
105 _ay z |||||
200 1 _aМетодика выполнения экономических расчетов в дипломных проектах студентов факультета № 3
_e[Учеб. пособие]
_fМ-во высш. и сред. спец. образ. СССР. Моск. ордена Ленина авиац. ин-т им. Серго Орджоникидзе
210 _aМосква
_cБ. и.
_d1967
215 _a76 с.
_d20
300 _aПеред загл. авт.: С.И. Диденко, В.В. Чесноков, Д.П. Андрианов, Ю.А. Масленникова
320 _aБиблиогр.: с. 74
701 1 _aЧесноков
_bВ. В.
701 1 _aАндрианов
_bД. П.
701 1 _aДиденко
_bС. И.
701 1 _aМасленникова
_bЮ. А.
710 0 2 _aМосковский авиационный институт
_3RU\NLR\AUTH\885850
801 0 _aRU
_bNLR
_gpsbo
801 1 _aRU
_bELAR
_2rusmarc
852 _aNLR
_j67-6/14723
942 _cBOOK
980 _aNB